Name the Pride Flags! - Statistics

General Stats
  • This quiz has been taken 483 times
  • The average score is 15 of 25
Answer Stats
Picture Answer % Correct
Bisexual
94%
Asexual
90%
Transgender
84%
Aromantic
82%
Lesbian / wlw gay
80%
Gay Man / mlm gay
79%
Pansexual
79%
Nonbinary
76%
Agender
70%
Aroace
69%
Intersex
69%
Demiboy
66%
Demigirl
66%
Demisexual
58%
Genderfluid
56%
Polysexual
52%
Demigender
50%
Demiromantic
50%
Genderqueer
50%
Omnisexual
47%
Gray-asexual
29%
Gray-aromantic
28%
Polyamorous
26%
Genderflux
17%
Ceterosexual
13%
No matching quizzes found
Score Distribution
Percent of People with Each Score
Percentile by Number Answered
Your Score History
You have not taken this quiz